000 00790nas a2200265 4500
001 BR9213837
003 BR-BrBNA
005 20231205095129.0
007 ta
008 230509b bl.|||p| |||| 00| 00por d
040 _aBR-BrBNA
_bpor
_cBiblioteca Nacional de Agricultura
041 _a(Pt)
072 _aL70
100 1 _aZirlis, A.E.F.
100 1 _aSilva, P.C. da
100 1 _aSouza, R.N.G. de
245 1 _aUso de antibioticos como fator antiestresse nas vacinacoes de frangos de corte
650 _aFrango de Corte
650 _aVacina
650 _aStress
650 _aVeterinaria
773 0 _tBoletim de Industria Animal (Brazil)
_xISSN 0067-9615
_g(Jul-Dec 1987), v. 44(2) p. 257-263
_wBR9213837
909 _a202311
_bLúcia
_c55
_dLúcia Elande
942 _2AGRIS
_n0
_cANA
999 _c148836
_d148836